[Event "San Fernando ChessWork"]
[Site "San Fernando"]
[Date "2024.01.20"]
[Round "1"]
[White "Singh, Vishnu"]
[Black "Harper, Ryan"]
[Result "0-1"]
[WhiteElo "2147"]
[BlackElo "2173"]
[PlyCount "86"]
[EventDate "2024.01.20"]
[EventType "tourn"]
[EventRounds "7"]
[EventCountry "TRI"]
[SourceTitle "CBM 218 Extra"]
[Source "ChessBase"]
[SourceDate "2024.03.31"]
[SourceVersion "1"]
[SourceVersionDate "2024.03.31"]
[SourceQuality "1"]

1. d4 Nf6 2. c4 e6 3. Nf3 Bb4+ 4. Bd2 Be7 5. Nc3 d5 6. Bg5 Nbd7 7. e3 h6 8. Bh4 0-0 9. cxd5 exd5 10. Bd3 Re8 11. 0-0 c6 12. Bg3 Nh5 13. Rb1 Nxg3 14. hxg3 a5 15. a3 Bd6 16. Qc2 Nf6 17. Rfe1 Bd7 18. b4 axb4 19. axb4 b5 20. e4 dxe4 21. Nxe4 Nxe4 22. Bxe4 Qf6 23. Bxc6 Rxe1+ 24. Nxe1 Rc8 25. d5 Bf5 26. Nd3 Qd4 27. Rb3 Qxd5 28. Bxd5 Rxc2 29. Nf4 g5 30. Nh5 Rd2 31. Bc6 Bd3 32. Nf6+ Kf8 33. Ne4 Rd1+ 34. Kh2 Bc4 35. Rb2 Be5 36. Rc2 Rb1 37. Nd2 Rxb4 38. Nxc4 bxc4 39. Be4 c3 40. Bf5 Kg7 41. Kh3 h5 42. g4 hxg4+ 43. Bxg4 f5 0-1

[Event "Paladins Ken Philips op"]
[Site "Port of Spain"]
[Date "2021.10.30"]
[Round "2"]
[White "Hernandez Mora, Ulises Jose"]
[Black "Singh, Vishnu"]
[Result "0-1"]
[WhiteElo "1772"]
[BlackElo "2165"]
[PlyCount "126"]
[EventDate "2021.10.30"]
[EventType "swiss"]
[EventRounds "6"]
[EventCountry "TRI"]
[SourceTitle "EXT 2023"]
[Source "ChessBase"]
[SourceDate "2022.10.05"]
[SourceVersion "1"]
[SourceVersionDate "2022.10.05"]
[SourceQuality "1"]

1. d4 Nf6 2. Bg5 Ne4 3. Bf4 c5 4. f3 Qa5+ 5. c3 Nf6 6. d5 Qb6 7. Qd2 Nxd5 8. Qxd5 Qxb2 9. Qb3 Qxa1 10. e4 Nc6 11. Bd3 e6 12. Ne2 c4 13. Qxc4 Qb2 14. 0-0 Qb6+ 15. Kh1 Be7 16. Bc2 d6 17. Qd3 Bd7 18. Na3 Ne5 19. Qd2 Rc8 20. Rb1 Qc7 21. Bg3 a6 22. f4 Ng4 23. h3 Nf6 24. Re1 d5 25. f5 Qa5 26. fxe6 fxe6 27. Nb1 Nxe4 28. Bxe4 dxe4 29. Rf1 Qd5 30. Qe1 e5 31. Nd2 Bf6 32. c4 Rxc4 33. Nxc4 Qxc4 34. Qd2 Bb5 35. Rc1 Qd3 36. Qb4 Be7 37. Qa5 0-0 38. a4 Qxe2 39. axb5 Rf1+ 40. Rxf1 Qxf1+ 41. Kh2 Qxb5 42. Qc7 Bf6 43. Qc8+ Kf7 44. Qf5 e3 45. Qxh7 e2 46. Qh5+ Ke7 47. Qf3 a5 48. Qe4 a4 49. Bf2 a3 50. Qc2 e4 51. Kh1 Qd3 52. Qc7+ Qd7 53. Qc5+ Qd6 54. Qa5 e3 55. Be1 b6 56. Qa7+ Kf8 57. Qa8+ Kf7 58. Qb7+ Qe7 59. Qd5+ Qe6 60. Qb7+ Kg6 61. h4 a2 62. h5+ Kxh5 63. g4+ Kg6 0-1

[Event "GRB-ch Universities"]
[Site "Birmingham"]
[Date "2017.02.26"]
[Round "5.1"]
[White "Singh, Vishnu"]
[Black "Taylor, Adam A"]
[Result "1/2-1/2"]
[WhiteElo "2165"]
[BlackElo "2165"]
[PlyCount "60"]
[EventDate "2017.02.25"]
[EventType "team-swiss"]
[EventRounds "5"]
[EventCountry "ENG"]
[SourceTitle "CBM 177 Extra"]
[Source "ChessBase"]
[SourceDate "2017.04.27"]
[SourceVersion "1"]
[SourceVersionDate "2017.04.27"]
[SourceQuality "1"]
[WhiteTeam "Kent"]
[BlackTeam "Imperial"]
[WhiteTeamCountry "ENG"]
[BlackTeamCountry "ENG"]

1. d4 Nf6 2. c4 e6 3. Nc3 Bb4 4. Nf3 b6 5. e3 Bb7 6. Bd2 0-0 7. Bd3 d5 8. cxd5 exd5 9. 0-0 Nbd7 10. Rc1 c6 11. Ne5 Nxe5 12. dxe5 Nd7 13. f4 f5 14. g4 g6 15. gxf5 Nc5 16. Bb1 gxf5 17. Bxf5 Bc8 18. Bxc8 Rxc8 19. Be1 Kh8 20. a3 Bxc3 21. Bxc3 Ne6 22. Qh5 d4 23. Bd2 dxe3 24. Bxe3 Nxf4 25. Bxf4 Qd4+ 26. Kh1 Rxf4 27. Rxf4 Qxf4 28. Re1 Qf2 29. Rg1 Rg8 30. Rxg8+ Kxg8 1/2-1/2

[Event "Hastings Masters op 91st"]
[Site "Hastings"]
[Date "2016.01.03"]
[Round "7"]
[White "Singh, Vishnu"]
[Black "Willson, Ollie"]
[Result "1-0"]
[WhiteElo "2180"]
[BlackElo "2033"]
[PlyCount "81"]
[EventDate "2015.12.28"]
[EventType "swiss"]
[EventRounds "9"]
[EventCountry "ENG"]
[SourceTitle "CBM 170 Extra"]
[Source "ChessBase"]
[SourceDate "2016.02.25"]
[SourceVersion "1"]
[SourceVersionDate "2016.02.25"]
[SourceQuality "1"]

1. e4 c5 2. Nc3 e6 3. g3 Nc6 4. Bg2 Nf6 5. f4 d5 6. e5 Nd7 7. Nf3 Be7 8. d3 Rb8 9. a4 a6 10. Bd2 b5 11. axb5 axb5 12. 0-0 0-0 13. Kh1 c4 14. d4 b4 15. Ne2 Nb6 16. g4 f6 17. Ng3 fxe5 18. fxe5 Bd7 19. g5 c3 20. bxc3 bxc3 21. Bc1 g6 22. h4 Nb4 23. Bh3 Nc4 24. Rf2 Ra8 25. Rb1 Qa5 26. Ne2 Na2 27. Rb7 Qa4 28. Nf4 Nxc1 29. Rxd7 Rxf4 30. Bxe6+ Kf8 31. Qxc1 Qa1 32. Qxa1 Rxa1+ 33. Kg2 Ke8 34. Kg3 Rf8 35. Rxd5 Ne3 36. Rb5 Rh1 37. d5 h6 38. d6 Bd8 39. Bd5 Nd1 40. e6 Rg8 41. Re2 1-0

[Event "Central America Carribean-ch U20"]
[Site "Porlamar"]
[Date "2015.08.26"]
[Round "6"]
[White "Quijada Alonzo, Guillermo"]
[Black "Singh, Vishnu"]
[Result "0-1"]
[WhiteElo "1767"]
[BlackElo "2200"]
[PlyCount "76"]
[EventDate "2015.08.22"]
[EventType "swiss"]
[EventRounds "9"]
[EventCountry "VEN"]
[SourceTitle "EXT 2018"]
[Source "ChessBase"]
[SourceDate "2017.10.13"]
[SourceVersion "1"]
[SourceVersionDate "2017.10.13"]
[SourceQuality "1"]

1. e4 c5 2. Nf3 d6 3. d4 cxd4 4. Nxd4 Nf6 5. Nc3 a6 6. a4 e5 7. Nb3 Be6 8. Be2 Be7 9. 0-0 0-0 10. Be3 Nc6 11. f4 Rc8 12. Bf3 exf4 13. Bxf4 Qb6+ 14. Kh1 Bxb3 15. cxb3 Na5 16. Rb1 Qxb3 17. Bxd6 Bxd6 18. Qxd6 Nc4 19. Qd1 Qb4 20. Rf2 Rfd8 21. Qc1 h6 22. h3 Ne5 23. Re2 Qc5 24. Qc2 Nxf3 25. gxf3 Qh5 26. Kg2 Qg5+ 27. Kf2 Qh4+ 28. Ke3 Qxh3 29. Rg1 Qe6 30. Rh2 Qb6+ 31. Kf4 Qxg1 32. Rg2 g5+ 33. Kg3 Qe1+ 34. Rf2 Nh5+ 35. Kg4 Nf4 36. Kf5 Kg7 37. e5 Rc5 38. Kg4 Qg1+ 0-1

[Event "Central America Carribean-ch U20"]
[Site "Porlamar"]
[Date "2015.08.24"]
[Round "5"]
[White "Singh, Vishnu"]
[Black "Blanco Da Silva, Cristofer R"]
[Result "0-1"]
[WhiteElo "2200"]
[BlackElo "2056"]
[PlyCount "62"]
[EventDate "2015.08.22"]
[EventType "swiss"]
[EventRounds "9"]
[EventCountry "VEN"]
[SourceTitle "EXT 2018"]
[Source "ChessBase"]
[SourceDate "2017.10.13"]
[SourceVersion "1"]
[SourceVersionDate "2017.10.13"]
[SourceQuality "1"]

1. d4 Nf6 2. c4 e6 3. Nc3 Bb4 4. Nf3 b6 5. e3 Ne4 6. Qc2 Bb7 7. Bd3 f5 8. 0-0 Bxc3 9. bxc3 0-0 10. Nd2 Qh4 11. f3 Ng5 12. Qd1 Rf6 13. Qe1 Qh5 14. e4 f4 15. Rf2 Nc6 16. e5 Rh6 17. h3 Ne7 18. Ne4 Ng6 19. Nxg5 Qxg5 20. Bxg6 Rxg6 21. Kh1 Rf8 22. Ba3 Rf5 23. Rd1 Rh6 24. Rf1 Qg6 25. Rd2 Rfh5 26. c5 Qf5 27. Rff2 Rxh3+ 28. gxh3 Qxh3+ 29. Rh2 Bxf3+ 30. Kg1 Rg6+ 31. Kf2 Qg3+ 0-1

[Event "Central America Carribean-ch U20"]
[Site "Porlamar"]
[Date "2015.08.23"]
[Round "3"]
[White "Singh, Vishnu"]
[Black "Mata Alfaro, Christian Daniel"]
[Result "1-0"]
[WhiteElo "2200"]
[BlackElo "1681"]
[PlyCount "31"]
[EventDate "2015.08.22"]
[EventType "swiss"]
[EventRounds "9"]
[EventCountry "VEN"]
[SourceTitle "EXT 2018"]
[Source "ChessBase"]
[SourceDate "2017.10.13"]
[SourceVersion "1"]
[SourceVersionDate "2017.10.13"]
[SourceQuality "1"]

1. e4 e5 2. Nf3 Nc6 3. Bb5 a6 4. Ba4 Nf6 5. 0-0 b5 6. Bb3 Be7 7. d3 0-0 8. c3 d6 9. h3 h6 10. Re1 Re8 11. Nbd2 Bf8 12. Nf1 Bb7 13. Ng3 g6 14. Nh4 Ne7 15. Qf3 Bg7 16. Bxh6 1-0

[Event "Pan American-ch U20"]
[Site "San Salvador"]
[Date "2015.07.19"]
[Round "6"]
[White "Singh, Vishnu"]
[Black "Chavez Estevez, Hayler David"]
[Result "0-1"]
[WhiteElo "2200"]
[BlackElo "2347"]
[PlyCount "104"]
[EventDate "2015.07.16"]
[EventType "swiss"]
[EventRounds "9"]
[EventCountry "ESA"]
[SourceTitle "EXT 2016"]
[Source "ChessBase"]
[SourceDate "2015.10.08"]
[SourceVersion "1"]
[SourceVersionDate "2015.10.08"]
[SourceQuality "1"]

1. d4 Nf6 2. c4 c5 3. d5 b5 4. cxb5 a6 5. bxa6 Bxa6 6. g3 g6 7. Bg2 d6 8. Nf3 Bg7 9. 0-0 0-0 10. Nc3 Nbd7 11. h3 Qc7 12. Rb1 Rfb8 13. b3 Ra7 14. Qc2 Rab7 15. Be3 Qa5 16. Rfc1 Ne8 17. Nd2 Bxc3 18. Qxc3 Qxc3 19. Rxc3 Bxe2 20. Re1 Ba6 21. Bf4 Nb6 22. Rce3 Nc8 23. Bg5 f6 24. Bh6 Kf7 25. h4 Bb5 26. Bh3 Bd7 27. Be6+ Bxe6 28. dxe6+ Kg8 29. Rd3 Nb6 30. Bf4 Nc7 31. Ne4 Nbd5 32. Bd2 Ra7 33. Ra1 Nb4 34. Bxb4 Rxb4 35. Re3 f5 36. Ng5 Kg7 37. a4 h6 38. Nf7 Ra8 39. a5 Rb5 40. a6 Rb6 41. a7 Rb7 42. f3 Rbxa7 43. Rd1 Ra1 44. Rxa1 Rxa1+ 45. Kg2 Rd1 46. Nd8 Kf6 47. Kf2 h5 48. Ke2 Ra1 49. Nc6 Nxe6 50. Kf2 Ra6 51. Nb8 Ra2+ 52. Kf1 Nd4 0-1

[Event "Pan American-ch U20"]
[Site "San Salvador"]
[Date "2015.07.16"]
[Round "1"]
[White "Rodriguez, Wilfredo"]
[Black "Singh, Vishnu"]
[Result "0-1"]
[WhiteElo "1631"]
[BlackElo "2200"]
[PlyCount "66"]
[EventDate "2015.07.16"]
[EventType "swiss"]
[EventRounds "9"]
[EventCountry "ESA"]
[SourceTitle "EXT 2016"]
[Source "ChessBase"]
[SourceDate "2015.10.08"]
[SourceVersion "1"]
[SourceVersionDate "2015.10.08"]
[SourceQuality "1"]

1. e4 Nf6 2. e5 Nd5 3. d4 d6 4. c4 Nb6 5. Nf3 g6 6. Be3 Bg7 7. Nc3 dxe5 8. Nxe5 0-0 9. Qd2 c6 10. 0-0-0 N8d7 11. Nxd7 Bxd7 12. Bh6 Be6 13. Bxg7 Kxg7 14. d5 cxd5 15. cxd5 Bd7 16. h4 h6 17. Qd4+ Kg8 18. g4 Qc7 19. Kb1 Rac8 20. Bd3 Nc4 21. Rhe1 Qc5 22. Bxc4 Qxc4 23. Rxe7 Bxg4 24. Qxc4 Rxc4 25. Rde1 Bf5+ 26. Kc1 b5 27. Kd2 b4 28. Ne4 Rd4+ 29. Ke3 Rxe4+ 30. Rxe4 Bxe4 31. Kd4 f5 32. Rd1 Bxd5 33. Ke5 Bxa2 0-1

[Event "Central America U20 op"]
[Site "San Jose "]
[Date "2014.12.21"]
[Round "8"]
[White "Singh, Vishnu"]
[Black "Hernandez Sanchez, Jairo Andres"]
[Result "0-1"]
[WhiteElo "2140"]
[BlackElo "2306"]
[PlyCount "82"]
[EventDate "2014.12.17"]
[EventType "swiss"]
[EventRounds "9"]
[EventCountry "CRI"]
[SourceTitle "EXT 2016"]
[Source "ChessBase"]
[SourceDate "2015.10.08"]
[SourceVersion "1"]
[SourceVersionDate "2015.10.08"]
[SourceQuality "1"]

1. d4 Nf6 2. c4 g6 3. Nc3 Bg7 4. e4 d6 5. f3 0-0 6. Be3 c5 7. dxc5 dxc5 8. Qxd8 Rxd8 9. Bxc5 Nc6 10. Rd1 Nd7 11. Ba3 b6 12. Nd5 e6 13. Ne7+ Nxe7 14. Bxe7 Re8 15. Ba3 f5 16. Bd3 Ne5 17. Bc2 Bb7 18. b3 a5 19. Bd6 a4 20. Bb1 axb3 21. axb3 Red8 22. Bxe5 Bxe5 23. Rxd8+ Rxd8 24. Ne2 Kf7 25. h4 h5 26. Bc2 Bf6 27. exf5 gxf5 28. Bd1 Be7 29. Nf4 Bb4+ 30. Kf2 Rd2+ 31. Ke3 e5 32. Ne2 f4+ 33. Kf2 Bc5+ 34. Ke1 Rb2 35. Rh3 Bc8 36. Rh1 Bf5 37. g3 fxg3 38. Kf1 Bd3 39. Kg2 Bxe2 40. Bxe2 Rxe2+ 41. Kxg3 Be3 0-1

[Event "Pan American-ch U14"]
[Site "Mar del Plata"]
[Date "2009.08.16"]
[Round "1"]
[White "Singh, Vishnu"]
[Black "Jurado, Dario"]
[Result "1-0"]
[WhiteElo "1964"]
[BlackElo "1589"]
[PlyCount "65"]
[EventDate "2009.08.16"]
[EventType "swiss"]
[EventRounds "9"]
[EventCountry "ARG"]
[SourceTitle "EXT 2022"]
[Source "ChessBase"]
[SourceDate "2021.10.06"]
[SourceVersion "1"]
[SourceVersionDate "2021.10.06"]
[SourceQuality "1"]

1. e4 e5 2. Nf3 Nc6 3. Bc4 Bc5 4. b4 Bxb4 5. c3 Ba5 6. 0-0 d6 7. d4 Qe7 8. d5 Nd8 9. Qa4+ Bd7 10. Qxa5 Nf6 11. Bd3 b6 12. Qa6 Bc8 13. Qa4+ Kf8 14. h3 Bd7 15. Qc2 h6 16. Nbd2 Nb7 17. Ba3 g5 18. Nc4 Nc5 19. Bxc5 bxc5 20. Ne3 g4 21. hxg4 Nxg4 22. Nxg4 Bxg4 23. Nh2 h5 24. f4 Rg8 25. Nxg4 Rxg4 26. fxe5 Qxe5 27. Rf5 Qh8 28. Raf1 Rg7 29. Qf2 Qg8 30. e5 dxe5 31. Rxh5 Ke8 32. Rxe5+ Kd7 33. Qf5+ 1-0